Fuentes histr̤icas, Constitucin̤ de 1917 Volumen I

Detalles Bibliográficos
Autor principal: Camacho, Cšar
Formato: eBook
Lenguaje:español
Publicado: Ciudad de Mx̌ico: Cm̀ara de Diputados, 2017
Materias:
Acceso en línea:Acceso restringido

MARC

LEADER 00000nam a22000007a 4500
005 20180503003130.0
007 cr|||| ||||
008 180503s2017 mx |||||s||||f00||0 spa d
020 |a 978-607-524-165-4 
035 |a 21561 
040 |a vLex 
090 |c 7883  |d 7883 
100 1 |a Camacho, Cšar 
245 1 0 |a Fuentes histr̤icas, Constitucin̤ de 1917  |h [Recurso electrn̤ico] /  |c Cšar Camacho  |n Volumen I 
256 |a Servicio en ln̕ea 
260 |a Ciudad de Mx̌ico:  |b Cm̀ara de Diputados,  |c 2017 
300 |a 1 recurso electrn̤ico 
506 1 |a Disponible solo en los productos indicados  |d vLex Global  |d vLex Global (Academic Edition, excluding Law Schools)  |d vLex Global (U.S. Academic Edition, Law Schools)  |d vLex Global (U.S. Academic Edition, excluding Law Schools)  |d vLex Global (Academic Edition, Law Schools) 
650 0 4 |a Derecho Constitucional  |z Mx̌ico 
740 0 |a vLex Libros (Servicio en ln̕ea) 
856 4 0 |u http://vlex.com/source/fuentes-historicas-constitucion-1917-volumen-i-21561  |z Acceso restringido 
942 |c BOOK 
999 0 |a Constitutional right